00730nam a2200241Ia 45000010006000000050017000060070003000230080041000260200018000670400025000850410008001100820021001181000020001392450067001592500013002262600043002393000010002826530019002926530015003119420012003269520133003389990017004713972020240114002105.0ta070907s1977 a g b000 u 465 u a0-333-19395-4 aCotton College,Assam a465 a824.08bBa 34 Sp aBaylay, Peter . 0aSpenser: The Faerie Queene /cPeter Baylay.hTextual Documents a1st ed / aLondon :bMacmillan Press Ltd ,c1977. bill ; aEnglish essays aPG-English 2ddccBK 001040708Circulation (PG)aSKBLbSKBLd2012-02-01f00000l0o824.08 Ba 34 Spp628/Engr2024-01-14 00:00:00t1w2012-02-01yBK c39692d39692